000 00545nam a22001937a 4500
003 KOHA_MİRAKIL
005 20240930101017.0
008 240929b2019 tu ||||| |||| 00| 0 tur d
020 _a9789759025830
040 _aTR-AnABB
_btur
_cTR-AnABB
041 _atur
082 _a828.3354
_bGOR 2019
100 _aGordon, Noah,
_d1926-.
245 0 _aHekim :
_bİbni Sina'nın talebesi /
_cNoah Gordon.
260 _aAnkara :
_bYurt Kitap Yayın,
_c2019.
300 _a720 sayfa ;
_c20 cm.
650 _aAmerikan edebiyatı, roman
942 _2ddc
_cBK
999 _c2212
_d2212